[Event "SVK-ch U16"]
[Site "Tatralandia"]
[Date "2025.05.13"]
[Round "4"]
[White "Gollner, Martin"]
[Black "Kostialik, Juraj"]
[Result "1-0"]
[WhiteElo "1915"]
[BlackElo "1757"]
[PlyCount "53"]
[EventDate "2025.05.11"]
[EventType "swiss"]
[EventRounds "9"]
[EventCountry "SVK"]
[SourceTitle "CB21_2025"]
[SourceDate "2025.05.21"]
[SourceVersion "1"]
[SourceVersionDate "2025.05.21"]
[SourceQuality "1"]

1. e4 c6 2. d4 d5 3. e5 Bf5 4. h4 h5 5. c4 e6 6. Nc3 Ne7 7. Nf3 b6 8. Be2 c5 9. Bg5 a6 10. Qa4+ Qd7 11. Qxd7+ Nxd7 12. Bxe7 Bxe7 13. dxc5 bxc5 14. cxd5 exd5 15. Nxd5 Bd8 16. 0-0 0-0 17. Rac1 Rb8 18. b3 Bg4 19. Rfe1 Re8 20. g3 Bxf3 21. Bxf3 g6 22. Bg2 Nxe5 23. f4 Ba5 24. Nf6+ Kf8 25. Rxe5 Rxe5 26. Nd7+ Ke7 27. Nxe5 1-0

[Event "SVK-ch U16"]
[Site "Tatralandia"]
[Date "2025.05.11"]
[Round "1"]
[White "Kostialik, Juraj"]
[Black "Sabik, Ivan"]
[Result "1-0"]
[WhiteElo "1757"]
[BlackElo "1259"]
[PlyCount "65"]
[EventDate "2025.05.11"]
[EventType "swiss"]
[EventRounds "9"]
[EventCountry "SVK"]
[SourceTitle "CB21_2025"]
[SourceDate "2025.05.21"]
[SourceVersion "1"]
[SourceVersionDate "2025.05.21"]
[SourceQuality "1"]

1. d4 d5 2. c4 e6 3. Nc3 Nf6 4. Bf4 a6 5. e3 b6 6. Nf3 Bb7 7. a3 Bd6 8. Bg5 h6 9. Bh4 Nbd7 10. cxd5 exd5 11. Qb3 Qc8 12. Rc1 b5 13. Bd3 c5 14. dxc5 Nxc5 15. Qd1 Nxd3+ 16. Qxd3 b4 17. axb4 Bxb4 18. 0-0 Qd7 19. Rc2 a5 20. Rfc1 0-0 21. Ne2 Rfc8 22. Ned4 Rxc2 23. Rxc2 Ba6 24. Qf5 Qxf5 25. Nxf5 Bc4 26. Nxh6+ gxh6 27. Bxf6 a4 28. h3 Rb8 29. Be5 Bb3 30. Bxb8 Bxc2 31. Nd4 Bd3 32. Kh2 Kf8 33. Nc6 1-0